000 00438nam a2200169Ia 4500
008 230524s9999 xx 000 0 und d
020 _a9788192869247
082 _a624.1834
_bSHA
100 _aDr. H.J.Shah
245 0 _aReinforced Concrete : Elementary Reubfirced Concrete. Vol-I
250 _a10
260 _aGujarat
_bCharotar
_c2014
300 _a"Xvi,928p;"
500 _aQuantity Number: 30
650 _aCivil
942 _cBK
999 _c56276
_d56276